[Event "NCA-ch Fase 2"]
[Site "Managua"]
[Date "2022.02.05"]
[Round "7"]
[White "Acosta, Kenner"]
[Black "Vallecillo, Saul"]
[Result "1/2-1/2"]
[WhiteElo "1889"]
[BlackElo "1836"]
[PlyCount "22"]
[EventDate "2022.01.22"]
[EventType "swiss"]
[EventRounds "9"]
[EventCountry "NCA"]
[SourceTitle "CBM 207 Extra"]
[Source "ChessBase"]
[SourceDate "2022.05.31"]
[SourceVersion "1"]
[SourceVersionDate "2022.05.31"]
[SourceQuality "1"]

1. d4 d5 2. Bf4 e6 3. Nf3 Bd6 4. Ne5 Nf6 5. e3 0-0 6. Nd2 Nbd7 7. Bd3 c6 8. Nxf7 Rxf7 9. Bxd6 Nb6 10. Be5 Qf8 11. 0-0 Nbd7 1/2-1/2

[Event "NCA-ch Fase 2"]
[Site "Managua"]
[Date "2022.01.30"]
[Round "5"]
[White "Acosta, Kenner"]
[Black "Rodriguez Guerrero, Cristhian David"]
[Result "1-0"]
[WhiteElo "1889"]
[BlackElo "1764"]
[PlyCount "65"]
[EventDate "2022.01.22"]
[EventType "swiss"]
[EventRounds "9"]
[EventCountry "NCA"]
[SourceTitle "CBM 207 Extra"]
[Source "ChessBase"]
[SourceDate "2022.05.31"]
[SourceVersion "1"]
[SourceVersionDate "2022.05.31"]
[SourceQuality "1"]

1. d4 d5 2. Nf3 e6 3. Bf4 Bd6 4. Bg3 Nf6 5. e3 c5 6. c3 0-0 7. Nbd2 b6 8. Bd3 Qc7 9. Ne5 Nc6 10. f4 cxd4 11. exd4 Re8 12. Bh4 Ne7 13. Bxf6 gxf6 14. Bxh7+ Kf8 15. Qh5 Ng8 16. 0-0 Ba6 17. Rf3 Be2 18. Raf1 Bxe5 19. fxe5 Bxf3 20. Rxf3 Ke7 21. exf6+ Kd8 22. Qg5 Kd7 23. Rg3 Qd8 24. Rf3 Qc7 25. Rg3 Qd8 26. Rf3 Rc8 27. Qg7 Rf8 28. Bxg8 Rxg8 29. Qxf7+ Kd6 30. Re3 Qe8 31. Qxa7 Qg6 32. Qe7+ Kc6 33. Rxe6+ 1-0

[Event "NCA-ch Fase 2"]
[Site "Managua"]
[Date "2022.01.30"]
[Round "6"]
[White "Castillo, Rommel"]
[Black "Acosta, Kenner"]
[Result "1/2-1/2"]
[WhiteElo "1970"]
[BlackElo "1889"]
[PlyCount "24"]
[EventDate "2022.01.22"]
[EventType "swiss"]
[EventRounds "9"]
[EventCountry "NCA"]
[SourceTitle "CBM 207 Extra"]
[Source "ChessBase"]
[SourceDate "2022.05.31"]
[SourceVersion "1"]
[SourceVersionDate "2022.05.31"]
[SourceQuality "1"]

1. c4 e5 2. Nc3 Nf6 3. g3 Bb4 4. Bg2 0-0 5. Nf3 Nc6 6. 0-0 d6 7. d3 h6 8. Qb3 Bc5 9. Na4 Rb8 10. Nxc5 dxc5 11. Be3 Nd4 12. Bxd4 exd4 1/2-1/2

[Event "NCA-ch Fase 2"]
[Site "Managua"]
[Date "2022.01.22"]
[Round "1"]
[White "Mayorga Bohorquez, David Antonio"]
[Black "Acosta, Kenner"]
[Result "0-1"]
[WhiteElo "1474"]
[BlackElo "1889"]
[PlyCount "158"]
[EventDate "2022.01.22"]
[EventType "swiss"]
[EventRounds "9"]
[EventCountry "NCA"]
[SourceTitle "CBM 207 Extra"]
[Source "ChessBase"]
[SourceDate "2022.05.31"]
[SourceVersion "1"]
[SourceVersionDate "2022.05.31"]
[SourceQuality "1"]

1. e4 e6 2. d3 d5 3. Nd2 c5 4. Be2 Nc6 5. c3 Nf6 6. h3 Be7 7. Qc2 b6 8. Ngf3 Qc7 9. Rb1 Bb7 10. g4 h6 11. Nf1 dxe4 12. dxe4 a6 13. Ng3 Bd6 14. Nf1 Ne5 15. N1d2 Qc6 16. Nxe5 Bxe5 17. Bf3 b5 18. 0-0 0-0 19. Re1 Rad8 20. Nf1 Qc7 21. g5 hxg5 22. Bxg5 Rd7 23. Rbd1 Rfd8 24. Rxd7 Rxd7 25. Qe2 Nh7 26. Bh4 Qd6 27. Bg3 c4 28. Bxe5 Qxe5 29. Ng3 Rd3 30. Rd1 Ng5 31. Rxd3 Nxh3+ 32. Kf1 cxd3 33. Qxd3 Qg5 34. Qe3 Qxe3 35. fxe3 Kf8 36. Ke2 Ng5 37. Bg2 Ke7 38. Kf2 g6 39. e5 Bxg2 40. Kxg2 Kd7 41. Kf2 Kc6 42. e4 f6 43. exf6 Kd6 44. Ke3 e5 45. b3 Ke6 46. Nf1 Kxf6 47. a3 Ke6 48. Nd2 Nf7 49. c4 bxc4 50. Nxc4 Nd6 51. Nxd6 Kxd6 52. Kf3 Kc5 53. Ke3 Kb5 54. Kd3 g5 55. Ke3 g4 56. Ke2 Kc5 57. Ke3 Kb6 58. Kf2 Kc5 59. Ke3 a5 60. Kd3 g3 61. Ke3 g2 62. Kf2 Kd4 63. Kxg2 Kc3 64. Kf3 Kxb3 65. Kg4 Kxa3 66. Kf5 Kb4 67. Kxe5 a4 68. Kd6 a3 69. e5 a2 70. e6 a1Q 71. e7 Qd4+ 72. Ke6 Qe4+ 73. Kf7 Qf5+ 74. Ke8 Kc5 75. Kd8 Qd5+ 76. Kc8 Qe6+ 77. Kd8 Qd6+ 78. Ke8 Kd5 79. Kf8 Ke6 0-1

[Event "NCA-chT final"]
[Site "Managua"]
[Date "2021.11.14"]
[Round "11.4"]
[White "Acosta, Kenner"]
[Black "Flores, Manuel"]
[Result "1/2-1/2"]
[WhiteElo "1889"]
[BlackElo "1941"]
[PlyCount "26"]
[EventDate "2021.10.16"]
[EventType "team-tourn"]
[EventRounds "11"]
[EventCountry "NCA"]
[SourceTitle "EXT 2023"]
[Source "ChessBase"]
[SourceDate "2022.10.05"]
[SourceVersion "1"]
[SourceVersionDate "2022.10.05"]
[SourceQuality "1"]
[WhiteTeam "Jose Raul Capablanca"]
[BlackTeam "Jane Allen's Knights "]
[WhiteTeamCountry "NCA"]
[BlackTeamCountry "NCA"]

1. d4 d5 2. Nf3 Nf6 3. Bf4 e6 4. e3 c5 5. c3 cxd4 6. exd4 Bd6 7. Bg5 h6 8. Bh4 Nc6 9. Bd3 0-0 10. 0-0 Re8 11. Re1 e5 12. dxe5 Nxe5 13. Nxe5 Rxe5 1/2-1/2

[Event "NCA-chT final"]
[Site "Managua"]
[Date "2021.10.31"]
[Round "8.4"]
[White "Allen Montes, Charles Mijail"]
[Black "Acosta, Kenner"]
[Result "0-1"]
[WhiteElo "1449"]
[BlackElo "1889"]
[PlyCount "44"]
[EventDate "2021.10.16"]
[EventType "team-tourn"]
[EventRounds "11"]
[EventCountry "NCA"]
[SourceTitle "EXT 2023"]
[Source "ChessBase"]
[SourceDate "2022.10.05"]
[SourceVersion "1"]
[SourceVersionDate "2022.10.05"]
[SourceQuality "1"]
[WhiteTeam "Surnrise CC"]
[BlackTeam "Jose Raul Capablanca"]
[WhiteTeamCountry "NCA"]
[BlackTeamCountry "NCA"]

1. e4 e6 2. d4 d5 3. Nd2 dxe4 4. Nxe4 Bd7 5. Be3 Bc6 6. f3 Bxe4 7. fxe4 Qh4+ 8. Bf2 Qxe4+ 9. Qe2 Nf6 10. Nf3 Nbd7 11. 0-0-0 Bd6 12. Qb5 a6 13. Qb3 0-0 14. Bg3 b5 15. Kb1 Qd5 16. Qe3 c5 17. Bxd6 Qxd6 18. h3 c4 19. g4 Nd5 20. Qe1 c3 21. Ne5 Nxe5 22. bxc3 Nc4 0-1

[Event "NCA-chT 1st Stage"]
[Site "Managua"]
[Date "2020.10.10"]
[Round "5.10"]
[White "Miranda Jarquin, Eduardo Modesto"]
[Black "Acosta, Kenner"]
[Result "0-1"]
[WhiteElo "1679"]
[BlackElo "1887"]
[PlyCount "76"]
[EventDate "2020.10.03"]
[EventType "team-swiss"]
[EventRounds "9"]
[EventCountry "NCA"]
[SourceTitle "EXT 2022"]
[Source "ChessBase"]
[SourceDate "2021.10.06"]
[SourceVersion "1"]
[SourceVersionDate "2021.10.06"]
[SourceQuality "1"]

1. d4 Nf6 2. Bf4 d5 3. e3 e6 4. Nf3 Bd6 5. Bxd6 cxd6 6. c4 0-0 7. Nc3 dxc4 8. Bxc4 b6 9. Qe2 Bb7 10. 0-0 d5 11. Bd3 Nbd7 12. Rac1 a6 13. a4 Qe7 14. Na2 Qd6 15. Rc2 e5 16. dxe5 Nxe5 17. Nxe5 Qxe5 18. Rfc1 a5 19. Rc7 Rab8 20. h3 d4 21. exd4 Qd5 22. Rxb7 Rxb7 23. Rc4 Qd6 24. Nc3 Re7 25. Qf3 Re1+ 26. Bf1 h6 27. g3 Qe6 28. d5 Qxh3 29. Qg2 Qh5 30. Rc6 Ng4 31. Rxb6 Nh2 32. Qxh2 Rxf1+ 33. Kg2 Rxf2+ 34. Kxf2 Qxh2+ 35. Kf3 Qh1+ 36. Kf2 f5 37. Re6 f4 38. g4 f3 0-1

[Event "NCA-chT 1st Stage"]
[Site "Managua"]
[Date "2020.10.04"]
[Round "4.3"]
[White "Fonseca Cabrera, Ernesto Gregorio"]
[Black "Acosta, Kenner"]
[Result "1/2-1/2"]
[WhiteElo "2222"]
[BlackElo "1887"]
[PlyCount "108"]
[EventDate "2020.10.03"]
[EventType "team-swiss"]
[EventRounds "9"]
[EventCountry "NCA"]
[SourceTitle "EXT 2022"]
[Source "ChessBase"]
[SourceDate "2021.10.06"]
[SourceVersion "1"]
[SourceVersionDate "2021.10.06"]
[SourceQuality "1"]

1. d4 Nf6 2. c4 g6 3. Nc3 Bg7 4. e4 d6 5. Be2 0-0 6. Nf3 e5 7. 0-0 Nbd7 8. Be3 Re8 9. d5 Ng4 10. Bg5 Bf6 11. Bc1 Bg7 12. Qc2 a5 13. h3 Nh6 14. Bg5 f6 15. Bh4 Nc5 16. b3 Qd7 17. a3 f5 18. b4 fxe4 19. Nxe4 Nxe4 20. Qxe4 Qf5 21. Bd3 Qxe4 22. Bxe4 Bf5 23. Nd2 Rf8 24. g4 Bd7 25. c5 Nf7 26. Rfb1 a4 27. Nc4 Bb5 28. Na5 Rab8 29. Rc1 Bh6 30. Rc2 Ng5 31. Bxg5 Bxg5 32. cxd6 cxd6 33. Nc4 Bxc4 34. Rxc4 Rbc8 35. Rc2 Rxc2 36. Bxc2 Rc8 37. Bxa4 Rc3 38. Bd7 Rxh3 39. a4 Bd2 40. Bc8 Bxb4 41. Bxb7 Ra3 42. Rxa3 Bxa3 43. Kf1 Kf8 44. Ke2 Ke7 45. Bc8 h5 46. gxh5 gxh5 47. Kd3 Kf6 48. Ke4 Kg5 49. f3 Bb4 50. Bd7 Bd2 51. Bc8 h4 52. Bd7 Ba5 53. Bg4 Bd2 54. Bd7 Ba5 1/2-1/2

[Event "NCA-chT final"]
[Site "Managua"]
[Date "2019.11.03"]
[Round "5.3"]
[White "Vallecillo, Saul"]
[Black "Acosta, Kenner"]
[Result "1-0"]
[WhiteElo "1802"]
[BlackElo "1901"]
[PlyCount "85"]
[EventDate "2019.10.26"]
[EventType "team-tourn"]
[EventRounds "11"]
[EventCountry "NCA"]
[SourceTitle "EXT 2021"]
[Source "ChessBase"]
[SourceDate "2020.10.23"]
[SourceVersion "1"]
[SourceVersionDate "2020.10.23"]
[SourceQuality "1"]
[WhiteTeam "Yader Cabrera"]
[BlackTeam "Jose Raul Capablanca"]
[WhiteTeamCountry "NCA"]
[BlackTeamCountry "NCA"]

1. e4 d6 2. d4 g6 3. f4 Bg7 4. Nf3 Nf6 5. Nc3 0-0 6. Bd3 c5 7. e5 Ne8 8. 0-0 cxd4 9. Ne2 Nc6 10. Be4 dxe5 11. fxe5 Nxe5 12. Nxe5 Bxe5 13. c3 Qc7 14. Nxd4 Bxh2+ 15. Kh1 Be5 16. Qf3 Nd6 17. Bh6 Bg7 18. Bxg7 Kxg7 19. Bc2 Bd7 20. Rae1 Bc6 21. Qg3 Qd7 22. Nxc6 Qxc6 23. Rxe7 Qc5 24. Re5 Qc6 25. Qf4 Rae8 26. Ba4 b5 27. Qf6+ Kg8 28. Bxb5 Qc7 29. Bxe8 Nxe8 30. Qf4 Ng7 31. Re4 Qa5 32. a4 Nh5 33. Qe3 Qc7 34. Rf3 Rd8 35. Re8+ Rxe8 36. Qxe8+ Kg7 37. Qe3 Kg8 38. b4 Qd7 39. a5 a6 40. Qd3 Qc6 41. Re3 Qf6 42. Re8+ Kg7 43. Qd4 1-0

[Event "NCA-chT fase1"]
[Site "Managua"]
[Date "2019.10.12"]
[Round "7.2"]
[White "Gutierrez, Oscar"]
[Black "Acosta, Kenner"]
[Result "1/2-1/2"]
[WhiteElo "1948"]
[BlackElo "1901"]
[PlyCount "152"]
[EventDate "2019.09.28"]
[EventType "team-swiss"]
[EventRounds "9"]
[EventCountry "NCA"]
[SourceTitle "CBM 194 Extra"]
[Source "ChessBase"]
[SourceDate "2020.03.31"]
[SourceVersion "1"]
[SourceVersionDate "2020.03.31"]
[SourceQuality "1"]
[WhiteTeam "Clemente Guido"]
[BlackTeam "Jose Raul Capablanca"]
[WhiteTeamCountry "NCA"]
[BlackTeamCountry "NCA"]

1. e4 d6 2. d4 g6 3. c4 Nf6 4. Nc3 Bg7 5. h3 Nbd7 6. Nf3 0-0 7. Be2 e5 8. d5 Nc5 9. Qc2 a5 10. Be3 Nfd7 11. 0-0 f5 12. exf5 gxf5 13. Bg5 Qe8 14. Nb5 Qg6 15. Bd2 c6 16. Nc7 Rb8 17. Bxa5 e4 18. Nh2 Nf6 19. Ne6 Nxe6 20. dxe6 b6 21. e7 Re8 22. Bd2 Rxe7 23. Bf4 Nd7 24. Rad1 Ne5 25. Qd2 Rd7 26. Qc3 Ba6 27. b3 b5 28. c5 d5 29. Kh1 Rbd8 30. Rg1 d4 31. Qd2 d3 32. Bf1 Rd5 33. g4 Bc8 34. gxf5 Qxf5 35. Rg5 Qf6 36. Qe3 Ng6 37. Rxd5 Rxd5 38. Bg3 Qd4 39. Ng4 Bf5 40. Bg2 Qxc5 41. Qxc5 Rxc5 42. Ne3 Be6 43. Bxe4 Bxh3 44. Rxd3 Be5 45. Kh2 Be6 46. b4 Bxg3+ 47. fxg3 Rc1 48. Ng2 Bxa2 49. Rd6 Ne5 50. Nf4 Ng4+ 51. Kg2 Rc4 52. Bxc6 Rxb4 53. Kh3 Ne5 54. Bb7 Rb2 55. Rd8+ Kf7 56. Be4 Bb1 57. Bd5+ Ke7 58. Rb8 b4 59. Rb7+ Kf6 60. Rb6+ Kg5 61. Ne6+ Kf5 62. Nd4+ Kg5 63. Ne6+ Kf6 64. Nf4+ Kg5 65. Ne6+ Kf5 66. Rb8 Ng6 67. Rb5 Kf6 68. g4 Bd3 69. Rb6 Ke5 70. Bg2 Nf4+ 71. Nxf4 Kxf4 72. Rf6+ Kg5 73. Rd6 Bg6 74. Rd5+ Kf6 75. Rb5 Ke6 76. Bd5+ Kd6 1/2-1/2

[Event "NCA-chT fase1"]
[Site "Managua"]
[Date "2019.10.05"]
[Round "4.2"]
[White "Sanchez, Steven"]
[Black "Acosta, Kenner"]
[Result "1-0"]
[WhiteElo "2031"]
[BlackElo "1901"]
[PlyCount "101"]
[EventDate "2019.09.28"]
[EventType "team-swiss"]
[EventRounds "9"]
[EventCountry "NCA"]
[SourceTitle "CBM 194 Extra"]
[Source "ChessBase"]
[SourceDate "2020.03.31"]
[SourceVersion "1"]
[SourceVersionDate "2020.03.31"]
[SourceQuality "1"]
[WhiteTeam "Universidad de Ingenieria"]
[BlackTeam "Jose Raul Capablanca"]
[WhiteTeamCountry "NCA"]
[BlackTeamCountry "NCA"]

1. Nf3 Nf6 2. d4 e6 3. Bf4 b6 4. e3 Bb7 5. Be2 Be7 6. Nbd2 0-0 7. c3 d6 8. h3 Nbd7 9. 0-0 Ne4 10. a4 a5 11. Nxe4 Bxe4 12. b4 c5 13. Nd2 Bg6 14. Bf3 Rc8 15. dxc5 e5 16. Bg3 dxc5 17. b5 f6 18. Bd5+ Kh8 19. e4 Qc7 20. Nc4 Rfd8 21. Qe2 Nf8 22. f4 Bd6 23. f5 Be8 24. Qg4 Rb8 25. Rad1 Qe7 26. Ne3 Bf7 27. c4 Bc7 28. Bh4 Rd6 29. Rd3 Rbd8 30. Rfd1 Bxd5 31. Nxd5 Qf7 32. Qf3 R8d7 33. g4 h6 34. Bf2 Nh7 35. h4 Kg8 36. R1d2 Bd8 37. Qd1 Kh8 38. Rg3 Bc7 39. Be3 Rxd5 40. cxd5 Kg8 41. g5 hxg5 42. hxg5 Nxg5 43. Bxg5 fxg5 44. Rxg5 Bd8 45. Rg6 Bf6 46. Qh5 Kf8 47. Rdg2 Ke7 48. Qh8 Rd8 49. Qh7 Rg8 50. d6+ Kxd6 51. Rxf6+ 1-0

[Event "NCA-chT final"]
[Site "Managua"]
[Date "2018.11.03"]
[Round "4.4"]
[White "Simplina, Amor"]
[Black "Acosta, Kenner"]
[Result "1-0"]
[WhiteElo "2173"]
[BlackElo "1899"]
[PlyCount "104"]
[EventDate "2018.10.27"]
[EventType "team-tourn"]
[EventRounds "11"]
[EventCountry "NCA"]
[SourceTitle "EXT 2020"]
[Source "ChessBase"]
[SourceDate "2019.10.17"]
[SourceVersion "1"]
[SourceVersionDate "2019.10.17"]
[SourceQuality "1"]

1. d4 Nf6 2. Nf3 d5 3. g3 Bf5 4. Bg2 e6 5. c4 Be7 6. Qb3 b6 7. Nc3 0-0 8. 0-0 c6 9. Nh4 Bg4 10. h3 Bh5 11. g4 Bg6 12. Nxg6 hxg6 13. cxd5 cxd5 14. e4 Nc6 15. exd5 Na5 16. Qb5 a6 17. Qe2 Nxd5 18. Nxd5 exd5 19. Qf3 Bf6 20. Rd1 Rc8 21. Bd2 Nc4 22. Bc3 Rc7 23. Qxd5 Qxd5 24. Bxd5 Rd8 25. Bf3 Rcd7 26. d5 Nxb2 27. Bxb2 Bxb2 28. Rab1 Bf6 29. Rxb6 Rd6 30. Rb3 Rc8 31. Re1 Kh7 32. Re2 Rc3 33. Rxc3 Bxc3 34. Re7 Kg8 35. Kg2 Kf8 36. Rb7 Bd4 37. Rb4 Bc3 38. Rc4 Ba5 39. h4 Ke7 40. Be4 f5 41. Bf3 Kf6 42. g5+ Ke5 43. Rc8 Rd8 44. Rc5 Bb6 45. Rc4 Rd6 46. Kg3 Rd7 47. Rc2 Bc7 48. Rc6 Kd4+ 49. Kg2 Bd6 50. Rxa6 Ke5 51. a4 Rb7 52. Ra8 Rb2 1-0

[Event "NCA-chT final"]
[Site "Managua"]
[Date "2018.10.27"]
[Round "1.4"]
[White "Salazar Cabezas, Alberto Javier"]
[Black "Acosta, Kenner"]
[Result "0-1"]
[WhiteElo "1739"]
[BlackElo "1899"]
[PlyCount "116"]
[EventDate "2018.10.27"]
[EventType "team-tourn"]
[EventRounds "11"]
[EventCountry "NCA"]
[SourceTitle "EXT 2020"]
[Source "ChessBase"]
[SourceDate "2019.10.17"]
[SourceVersion "1"]
[SourceVersionDate "2019.10.17"]
[SourceQuality "1"]

1. d4 d5 2. Nf3 Nf6 3. e3 c6 4. Bd3 Bg4 5. h3 Bh5 6. 0-0 e6 7. Nbd2 Bd6 8. c4 Nbd7 9. Qc2 0-0 10. b3 e5 11. dxe5 Nxe5 12. Nxe5 Bxe5 13. Rb1 Qe7 14. Bb2 Rad8 15. Rfe1 Bxb2 16. Qxb2 dxc4 17. Bxc4 Rd7 18. Be2 Rfd8 19. Nf3 Bxf3 20. Bxf3 Rd2 21. Qa1 Ne4 22. Bxe4 Qxe4 23. Rbd1 Qf5 24. Rxd2 Rxd2 25. Rf1 h6 26. a4 Qd5 27. Rb1 a5 28. Qc3 Rxf2 29. Kxf2 Qf5+ 30. Ke2 Qxb1 31. Qxa5 Qxb3 32. Qc7 Qc4+ 33. Kf2 Qc2+ 34. Kg1 Qb3 35. Kf2 Kh7 36. a5 Qc2+ 37. Kg1 Qc1+ 38. Kf2 Qd2+ 39. Kf3 Qd5+ 40. e4 Qb3+ 41. Kf2 f6 42. Qd7 Qa2+ 43. Ke3 Qxa5 44. Qxb7 Qg5+ 45. Kf3 Qb5 46. Qd7 Qf1+ 47. Kg3 c5 48. h4 h5 49. Qd5 Qe1+ 50. Kh3 Qc3+ 51. g3 Qe5 52. Qc4 Qd4 53. Qc2 c4 54. e5+ Qd3 55. Qc1 fxe5 56. Qg5 Qf3 57. Kh2 e4 58. Qc5 e3 0-1

[Event "NCA-chT final"]
[Site "Managua"]
[Date "2017.10.22"]
[Round "2.4"]
[White "Pichardo, Carlos"]
[Black "Acosta, Kenner"]
[Result "0-1"]
[WhiteElo "1746"]
[BlackElo "1883"]
[PlyCount "94"]
[EventDate "2017.10.21"]
[EventType "team-tourn"]
[EventRounds "9"]
[EventCountry "NCA"]
[SourceTitle "CBM 181 Extra"]
[Source "ChessBase"]
[SourceDate "2017.12.12"]
[SourceVersion "1"]
[SourceVersionDate "2017.12.12"]
[SourceQuality "1"]

1. d4 Nf6 2. c4 c6 3. g3 d5 4. Qc2 dxc4 5. Qxc4 Be6 6. Qc2 Qxd4 7. Nf3 Qd8 8. Bg2 g6 9. 0-0 Bg7 10. Rd1 Qa5 11. Bd2 Qh5 12. Qa4 Nbd7 13. Nc3 Nb6 14. Qb4 Nfd5 15. Nxd5 Bxd5 16. a4 c5 17. Qb5+ Bc6 18. Qb3 0-0 19. a5 Nd7 20. Bc3 Nf6 21. Ne5 Bxg2 22. Kxg2 Qxe2 23. Rdc1 Qa6 24. Rd1 e6 25. Kg1 Rad8 26. Qa4 b5 27. Qb3 Rxd1+ 28. Qxd1 b4 29. Bd2 Qxa5 30. Be3 Nd5 31. Nc4 Qc7 32. Qa4 Nb6 33. Nxb6 axb6 34. Qc2 Rd8 35. Rc1 Qe5 36. Rb1 Ra8 37. Qd3 Qd5 38. Qb5 Bxb2 39. Qxb6 Bd4 40. Bxd4 Qxd4 41. Rc1 Ra1 42. Rxa1 Qxa1+ 43. Kg2 Qc3 44. h4 b3 45. g4 b2 46. g5 Qd4 47. Kg3 Qd3+ 0-1

[Event "Managua Hurtado Memorial 16th"]
[Site "Managua"]
[Date "2016.12.28"]
[Round "4"]
[White "Acosta, Kenner"]
[Black "Leon Archibaldo, Orlando Andres"]
[Result "1/2-1/2"]
[WhiteElo "1883"]
[BlackElo "2135"]
[PlyCount "78"]
[EventDate "2016.12.26"]
[EventType "swiss"]
[EventRounds "9"]
[EventCountry "NCA"]
[SourceTitle "CBM 176 Extra"]
[Source "ChessBase"]
[SourceDate "2017.03.02"]
[SourceVersion "1"]
[SourceVersionDate "2017.03.02"]
[SourceQuality "1"]

1. c4 Nf6 2. Nf3 c6 3. Nc3 d5 4. d4 a6 5. cxd5 cxd5 6. Bf4 Nc6 7. e3 Bg4 8. Be2 e6 9. 0-0 Be7 10. Rc1 0-0 11. Qb3 Na5 12. Qd1 Bxf3 13. Bxf3 Nc4 14. b3 Nd6 15. Na4 Qa5 16. Qe1 Qd8 17. Rc2 Rc8 18. Qc1 Qa5 19. Nc5 Qc7 20. Bd1 Qb6 21. Bg5 Rc7 22. Na4 Rxc2 23. Qxc2 Qa5 24. Bxf6 Bxf6 25. Qc5 Qd8 26. Bf3 b5 27. Nb2 Qb8 28. Nd3 Rc8 29. Qa3 Qb6 30. Rc1 Be7 31. Rxc8+ Nxc8 32. Qc1 Na7 33. g3 g6 34. Ne5 Bd6 35. Nd3 Nc6 36. Qc3 Kg7 37. Kg2 h5 38. Be2 Ne7 39. Nc5 Kg8 1/2-1/2

[Event "Managua Hurtado Memorial 16th"]
[Site "Managua"]
[Date "2016.12.26"]
[Round "1"]
[White "Garcia, Antonio1111"]
[Black "Acosta, Kenner"]
[Result "1/2-1/2"]
[WhiteElo "1907"]
[BlackElo "1883"]
[PlyCount "60"]
[EventDate "2016.12.26"]
[EventType "swiss"]
[EventRounds "9"]
[EventCountry "NCA"]
[SourceTitle "CBM 176 Extra"]
[Source "ChessBase"]
[SourceDate "2017.03.02"]
[SourceVersion "1"]
[SourceVersionDate "2017.03.02"]
[SourceQuality "1"]

1. c4 c5 2. Nf3 Nc6 3. d4 cxd4 4. Nxd4 Nf6 5. Nc3 g6 6. e4 Bg7 7. Be3 d6 8. f3 Qb6 9. Nf5 Qxb2 10. Nxg7+ Kf8 11. Na4 Qe5 12. Bh6 Kg8 13. Rc1 Nxe4 14. fxe4 Qxe4+ 15. Kd2 Qh4 16. Be3 Kxg7 17. Bd3 Rd8 18. Nc3 Ne5 19. Qe2 Bg4 20. Qf2 Qxf2+ 21. Bxf2 Be6 22. Bd4 f6 23. Nd5 Kf7 24. Rc2 Nxd3 25. Kxd3 Bf5+ 26. Kd2 Bxc2 27. Kxc2 Rdc8 28. Kd3 e6 29. Nc3 Rc6 30. Rb1 b6 1/2-1/2

[Event "NCA-chT"]
[Site "Managua"]
[Date "2015.11.21"]
[Round "4.4"]
[White "Rios, Edgard"]
[Black "Acosta, Kenner"]
[Result "1-0"]
[WhiteElo "1887"]
[BlackElo "1907"]
[PlyCount "101"]
[EventDate "2015.11.14"]
[EventType "team-tourn"]
[EventRounds "9"]
[EventCountry "NCA"]
[SourceTitle "EXT 2018"]
[Source "ChessBase"]
[SourceDate "2017.10.13"]
[SourceVersion "1"]
[SourceVersionDate "2017.10.13"]
[SourceQuality "1"]
[WhiteTeam "Jane Allen's Knights"]
[BlackTeam "Joaquin Hurtado"]
[WhiteTeamCountry "NCA"]
[BlackTeamCountry "NCA"]

1. d4 d5 2. Bf4 Nf6 3. e3 Bf5 4. c4 e6 5. Qb3 b6 6. Nc3 Bd6 7. Bg3 0-0 8. Nf3 Nc6 9. cxd5 exd5 10. Be2 Na5 11. Qa4 Qe7 12. Ne5 c5 13. 0-0 c4 14. Rac1 a6 15. Rfe1 Qc7 16. Bf3 b5 17. Qd1 Be4 18. Bxe4 dxe4 19. Qc2 Qb7 20. a3 Rad8 21. Qe2 Bxe5 22. Bxe5 Nd7 23. Bf4 Rfe8 24. f3 exf3 25. Qxf3 Qxf3 26. gxf3 Nb6 27. Bc7 Rb8 28. Bxb8 Rxb8 29. Rcd1 Nb3 30. Kf2 Kf8 31. Rg1 f6 32. Rg4 Nd7 33. Rdg1 g6 34. h4 f5 35. R4g2 Nf6 36. Rd1 a5 37. Na2 Nd5 38. Nc3 Nf6 39. e4 fxe4 40. Nxe4 Nd5 41. Rg4 b4 42. Nc5 Ke7 43. Nxb3 cxb3 44. Rg5 Ke6 45. Re1+ Kd6 46. Ree5 Ne7 47. Rxa5 bxa3 48. Rxa3 Nf5 49. h5 Nxd4 50. hxg6 hxg6 51. Rxg6+ 1-0

[Event "NCA-chT"]
[Site "Managua"]
[Date "2015.11.15"]
[Round "2.4"]
[White "Granados Ortiz, Fidel"]
[Black "Acosta, Kenner"]
[Result "1-0"]
[WhiteElo "1856"]
[BlackElo "1907"]
[PlyCount "57"]
[EventDate "2015.11.14"]
[EventType "team-tourn"]
[EventRounds "9"]
[EventCountry "NCA"]
[SourceTitle "EXT 2018"]
[Source "ChessBase"]
[SourceDate "2017.10.13"]
[SourceVersion "1"]
[SourceVersionDate "2017.10.13"]
[SourceQuality "1"]
[WhiteTeam "Granados Lazaro"]
[BlackTeam "Joaquin Hurtado"]
[WhiteTeamCountry "NCA"]
[BlackTeamCountry "NCA"]

1. e4 d5 2. exd5 Qxd5 3. Nc3 Qa5 4. d4 Nf6 5. Nf3 Bg4 6. Be2 e6 7. 0-0 Bd6 8. Bd2 c6 9. Ne5 Bxe5 10. dxe5 Qxe5 11. Bxg4 Qd4 12. Bf3 0-0 13. Bg5 Qe5 14. Qd2 Nbd7 15. Rfe1 Qf5 16. Rad1 h6 17. Bxf6 Nxf6 18. Ne4 Nd5 19. Nd6 Qf6 20. c4 Ne7 21. Qd4 Qg6 22. Be4 Qg5 23. Nxb7 f5 24. Bf3 Ng6 25. Qe3 Nf4 26. Nc5 Rae8 27. Bxc6 Rc8 28. Nxe6 Nxe6 29. Qxe6+ 1-0